00742nam a2200181 4500008004100000082001600041100001600057245011000073260003900183300003300222440002700255650002800282700002100310856011100331942000700442952009600449999001500545240701b |||||||| |||| 00| 0 eng d a303.69bBUR aBurke, Adam aDonors and peacebuilding in Sri Lanka 200-2005:bpart of the Sri Lanka strategic conflict assessment 2005 aColombo: bAsia Foundation, c2005 a45 p.bBibliography included aSix-part series vNo.2 aPEACEBUILDING-Sri Lanka aMulakala, Anthea uhttps://documents1.worldbank.org/curated/en/815421468102539289/pdf/631760WP0Sri0L00Box0361508B0PUBLIC0.pdf cRP 00102ddc4070aMAINbMAINd2024-07-01l0o303.69 BURpRAF5348r2024-07-01w2024-07-01yRP c4962d4962